000 01211nam1a22002771i 4500
001 rc\2242728
005 20260406184833.0
035 _a(NLR Aleph) 006711558
090 _a5348342
_c5348342
100 _a20110829d1979 |||y0rusy50 ca
101 0 _arus
102 _aRU
105 _ay z |||||
200 1 _aВопросы воспитания и спорт
_e[Сб. статей]
_fВолгогр. гос. ин-т физ. культуры
_g[Редкол.: А.Н. Бугреев (гл. ред.) и др.]
210 _aВолгоград
_cВолгогр. ин-т физ. культуры
_d1979
215 _d20
606 _aУчебно-воспитательная работа в высшей школе
_jСборники
_2psbo
606 _aФизическая культура и спорт
_jСборники
_2psbo
702 1 _aБугреев
_bА.Н.
_gАнатолий Николаевич
_4340
712 0 2 _aВолгоградский институт физической культуры
_3RU\NLR\AUTH\889950286
_9396363
801 0 _aRU
_bNLR
_gpsbo
801 1 _aRU
_bELAR
_2rusmarc
852 _aNLR
_j81-4/8328
899 _aRuMoRGB
_jБ 80-8/183
899 _aRuMoRGB
_jБ 80-8/185
942 _cBOOK